Los Angeles Clippers Playoffs Starters - Statistics

General Stats
  • This quiz has been taken 345 times
    97 since last reset
  • The average score is 17 of 50
Answer Stats
Player % Correct
Kawhi Leonard
99%
Paul George
99%
James Harden
96%
Blake Griffin
92%
Chris Paul
92%
Ivica Zubac
92%
DeAndre Jordan
89%
Norman Powell
72%
J.J. Redick
62%
Russell Westbrook
61%
Bob McAdoo
59%
Reggie Jackson
54%
Mark Jackson
52%
Nicolas Batum
52%
Patrick Beverley
52%
Kris Dunn
48%
Terance Mann
46%
Elton Brand
42%
Matt Barnes
41%
Charles Smith
38%
Randy Smith
38%
Shai Gilgeous-Alexander
34%
Marcus Morris
28%
Luc Mbah a Moute
21%
Chris Kaman
20%
Danilo Gallinari
20%
Danny Manning
18%
Eric Gordon
18%
Amir Coffey
15%
Ron Harper
15%
Caron Butler
13%
Landry Shamet
11%
Sam Cassell
10%
Stanley Roberts
8%
Loy Vaught
7%
Cuttino Mobley
6%
Darrick Martin
6%
Doc Rivers
6%
Randy Foye
6%
Chauncey Billups
4%
Ernie DiGregorio
3%
Ken Norman
3%
Quinton Ross
3%
Gar Heard
1%
Jim McMillian
1%
John Shumate
1%
Ken Charles
1%
Lorenzen Wright
1%
Malik Sealy
1%
Rodney Rogers
1%
No matching quizzes found
Score Distribution
Percent of People with Each Score
Percentile by Number Answered
Your Score History
You have not taken this quiz since the last reset